000 00548 a2200169 4500
005 20250320132001.0
020 _a1-84480-132-2
082 _a658.84 MUH
100 _aMUHLBACHER, H.
245 _aInternational Marketing: A Global Perspective
250 _a3rd Ed.
260 _aAustralia,
_bThomson,
_c2006.
300 _axxviii, 737p.: ill.; figure, table,
_bIndex,
_c28cm.
700 _aLEIHS, H. & DAHRINGER, L.
856 _yAccess Online Book
_fInternational Marketing: A Global Perspective
_dhttp://www.thomsonlearning.co.uk
942 _2ddc
_cBKS
999 _c877
_d877